01220nam a2200289 i 4500001001000000003000900010005001700019007000300036008004100039040003000080041000800110082002500118100004400143245004300187264004800230300002800278336002700306337003300333338002800366590002600394910000700420942001400427952011100441952010500552952025600657999001700913000033106DO-SdBNP20241118105645.0ta110817s1956 dr 000 0 spa d aDO-SdBNPbspacBNPHUerda hspa aRD863.42 bD542L2221 aDíaz, Vigil d1880-1961eautor95877710aLilís y Alejandrito /cVigil Díaz. aCiudad Trujillo :bEditora Montalvo,c1956. a180 páginas ;c23 cm. ardacontentbtexto2txt ardamediabsin mediación2n ardacarrierbvolumen2nc aInventariado, 2024/DG aDG 2ddccLBS1 0011718PDaPDbPDcMId2013-09-16iLF1l0o p33106-20r2020-06-25te. 2w2020-06-25yLFPDZNo se presta 001050718RVaPDbPDcHDd2011-08-17iLF1l0o p33106-10r2020-06-25w2020-06-25y1ZNo se presta 00102ddc56708RVaBNPHUbBNPHUcCTd2024-11-18eDonado por la Presidencia de la República Dominicana 2023l0oBNPHU DS -RV RD863.42 D542Lp2024-6485r2024-11-18te.3w2024-11-18yLBS1zPertenecio a la biblioteca personal de Emilio Cordero Michel c32597d32597